000 00898nam a22002175i 4500
001 48575
003 ES-MaACL
005 20230906161757.0
007 t|
008 950726s1889 fr ||||1| fre d
040 _aCAM
_bspa
_cCAM
100 1 _aDesdevises du Dezert, Georges.
_943868
245 1 0 _aDon Carlos d'Aragon, Prince de Viane
_b: étude sur l'Espagne du Nord au XVe siècle /
_cpar G. Desdevises du Dezert.
260 _aParis :
_bArmand Colin et Cie,
_c1889 (
_eCoulommiers :
_fP. Brodard et Gallois)
300 _aXVI, 455 p. ;
_c22 cm.
530 _aDisponible en formato digital.
600 1 4 _aEvreux y Trastámara, Carlos d'
_cPríncipe de Viana (
_d1421-1461)
_9146767
651 4 _aNavarra (Reino)-
_xHistoria-
_y1425-1479, Casa de Aragón.
_9157239
852 _aES-MaACL
_jD-2296
856 _uhttp://bdh-rd.bne.es/viewer.vm?id=0000057693&page=1
_zBiblioteca Digital Hispánica
999 _c48575
_d48575